[Event "Gibraltar Masters 15th"]
[Site "Caleta"]
[Date "2017.01.27"]
[Round "4"]
[White "Alberto, Manuel"]
[Black "Tsolakidou, Stavroula"]
[Result "0-1"]
[WhiteElo "2168"]
[BlackElo "2387"]
[PlyCount "94"]
[EventDate "2017.01.24"]
[EventType "swiss"]
[EventRounds "10"]
[EventCountry "GGB"]
[SourceTitle "CBM 177"]
[Source "ChessBase"]
[SourceDate "2017.03.16"]
[SourceVersion "1"]
[SourceVersionDate "2017.03.16"]
[SourceQuality "1"]

1. e4 c5 2. Nf3 d6 3. d4 cxd4 4. Nxd4 Nf6 5. Nc3 a6 6. Bg5 Nbd7 7. f4 Qc7 8. Qf3 b5 9. 0-0-0 Bb7 10. Bd3 g6 11. Nd5 Nxd5 12. exd5 Bg7 13. Nc6 Bxc6 14. dxc6 Nc5 15. f5 0-0 16. Rhe1 e6 17. g4 Rac8 18. h4 Qxc6 19. Qxc6 Rxc6 20. Be7 Rfc8 21. f6 Bf8 22. Bxf8 Nxd3+ 23. Rxd3 Kxf8 24. Re2 Ke8 25. b3 Kd7 26. Kb2 b4 27. Red2 d5 28. h5 Kd6 29. hxg6 hxg6 30. Rh3 e5 31. g5 a5 32. Rhd3 d4 33. Re2 Rc3 34. Rdd2 Rg3 35. Rg2 Rxg2 36. Rxg2 e4 37. Rh2 Rc5 38. Rh4 Re5 39. Rh7 Ke6 40. Rh8 Rxg5 41. Re8+ Kf5 42. Re7 e3 43. Rxf7 Ke6 44. Rf8 Rf5 45. Rd8 Kxf6 46. Rxd4 e2 47. Rd6+ Ke7 0-1

[Event "Gibraltar Challenger op-A"]
[Site "Caleta"]
[Date "2017.01.27"]
[Round "5"]
[White "Ebner, Johann"]
[Black "Alberto, Manuel"]
[Result "0-1"]
[WhiteElo "2066"]
[BlackElo "2168"]
[PlyCount "68"]
[EventDate "2017.01.23"]
[EventType "swiss"]
[EventRounds "5"]
[EventCountry "GGB"]
[SourceTitle "CBM 176 Extra"]
[Source "ChessBase"]
[SourceDate "2017.03.02"]
[SourceVersion "1"]
[SourceVersionDate "2017.03.02"]
[SourceQuality "1"]

1. d4 Nf6 2. c4 c5 3. d5 e5 4. Nc3 d6 5. e4 Be7 6. Bd3 0-0 7. Nge2 Ne8 8. 0-0 Bg5 9. f4 exf4 10. Nxf4 Nd7 11. Nh5 Ne5 12. Be2 a6 13. a4 b6 14. Ra3 g6 15. Ng3 Bd7 16. Bxg5 Qxg5 17. Nb1 Kh8 18. Nd2 Rb8 19. Nf3 Qe7 20. Nxe5 Qxe5 21. Raf3 f6 22. b3 Nc7 23. Qd2 Kg7 24. Rf4 Kh8 25. Bg4 g5 26. Bxd7 gxf4 27. Rxf4 b5 28. Rh4 Qg5 29. Qxg5 fxg5 30. Rh5 bxc4 31. Bf5 Rxf5 32. Nxf5 cxb3 33. Rxg5 b2 34. Nxd6 b1Q+ 0-1

[Event "Gibraltar Challenger op-A"]
[Site "Caleta"]
[Date "2017.01.26"]
[Round "4"]
[White "Alberto, Manuel"]
[Black "Sedgwick, David"]
[Result "1-0"]
[WhiteElo "2168"]
[BlackElo "1943"]
[PlyCount "81"]
[EventDate "2017.01.23"]
[EventType "swiss"]
[EventRounds "5"]
[EventCountry "GGB"]
[SourceTitle "CBM 176 Extra"]
[Source "ChessBase"]
[SourceDate "2017.03.02"]
[SourceVersion "1"]
[SourceVersionDate "2017.03.02"]
[SourceQuality "1"]

1. e4 e6 2. d4 d5 3. e5 c5 4. c3 Qb6 5. Nf3 Nc6 6. a3 Bd7 7. b4 cxb4 8. axb4 Nge7 9. Bd3 Ng6 10. h4 Nxb4 11. cxb4 Bxb4+ 12. Kf1 Rc8 13. h5 Ne7 14. Be3 Nf5 15. Kg1 0-0 16. Nbd2 Rc3 17. Nf1 Rfc8 18. Bxf5 exf5 19. Ng3 a5 20. Nh4 g6 21. Ne2 Rc2 22. Nf4 Be6 23. hxg6 fxg6 24. Nf3 Be7 25. Rb1 Qa6 26. Nxe6 Qxe6 27. Rxb7 R2c7 28. Rxc7 Rxc7 29. Qa4 Bd8 30. Ng5 Qd7 31. Qxd7 Rxd7 32. Kf1 Rb7 33. Ke2 Rb2+ 34. Kf3 Rb4 35. Nxh7 a4 36. Bg5 Bxg5 37. Nxg5 Rxd4 38. e6 Re4 39. Nxe4 fxe4+ 40. Ke3 Kf8 41. Rh7 1-0

[Event "Gibraltar Masters 15th"]
[Site "Caleta"]
[Date "2017.01.26"]
[Round "3"]
[White "Guerra Rivera, Salvador"]
[Black "Alberto, Manuel"]
[Result "1/2-1/2"]
[WhiteElo "2389"]
[BlackElo "2168"]
[PlyCount "132"]
[EventDate "2017.01.24"]
[EventType "swiss"]
[EventRounds "10"]
[EventCountry "GGB"]
[SourceTitle "CBM 177"]
[Source "ChessBase"]
[SourceDate "2017.03.16"]
[SourceVersion "1"]
[SourceVersionDate "2017.03.16"]
[SourceQuality "1"]

1. e4 e5 2. Nf3 Nc6 3. Bb5 Nf6 4. 0-0 Nxe4 5. Re1 Nd6 6. Nxe5 Be7 7. Bd3 h6 8. Qe2 Nd4 9. Qg4 Ne6 10. Nc3 0-0 11. Nd5 Bf6 12. b3 Bxe5 13. Rxe5 f5 14. Qh3 Nf7 15. Rxf5 d6 16. Qg3 Ne5 17. Rxf8+ Qxf8 18. Bf1 c6 19. Ne3 Qf4 20. Bb2 Qxg3 21. hxg3 Nf7 22. Re1 Bd7 23. c4 Nf8 24. d4 Re8 25. Rd1 Ng6 26. Bd3 Ne7 27. Ba3 b6 28. f3 Nc8 29. Kf2 Ne7 30. Re1 Kf8 31. f4 c5 32. dxc5 bxc5 33. Rd1 g5 34. Bc2 Be6 35. Bb2 Nc6 36. Bg6 Bc8 37. Bxf7 Kxf7 38. Rxd6 Re6 39. Rd5 Nb4 40. Rd8 Re8 41. Rxe8 Kxe8 42. Bg7 gxf4 43. gxf4 h5 44. a3 Nd3+ 45. Kf3 Bb7+ 46. Nd5 Kf7 47. Bc3 Ke6 48. Ke3 Nc1 49. b4 Bxd5 50. cxd5+ Kxd5 51. bxc5 Nb3 52. f5 Nxc5 53. Kf4 a6 54. Bg7 Ne4 55. f6 Nd6 56. Kg5 Ke6 57. Kxh5 Nc4 58. g4 Kf7 59. g5 Ne5 60. Bh6 Nd7 61. Bg7 Ne5 62. a4 a5 63. Kh4 Kg6 64. Bh6 Nd7 65. Kg4 Nxf6+ 66. Kf3 Nd5 1/2-1/2

[Event "Gibraltar Challenger op-A"]
[Site "Caleta"]
[Date "2017.01.25"]
[Round "3"]
[White "Lopez de Turiso, Jose Angel"]
[Black "Alberto, Manuel"]
[Result "1-0"]
[WhiteElo "2019"]
[BlackElo "2168"]
[PlyCount "134"]
[EventDate "2017.01.23"]
[EventType "swiss"]
[EventRounds "5"]
[EventCountry "GGB"]
[SourceTitle "CBM 176 Extra"]
[Source "ChessBase"]
[SourceDate "2017.03.02"]
[SourceVersion "1"]
[SourceVersionDate "2017.03.02"]
[SourceQuality "1"]

1. d4 Nf6 2. c4 c5 3. Nf3 d6 4. Nc3 Nbd7 5. e3 e6 6. Be2 a6 7. 0-0 Be7 8. Qc2 0-0 9. dxc5 Nxc5 10. b4 Ncd7 11. a3 b6 12. Bb2 Bb7 13. Rac1 Qc7 14. Qb3 Rac8 15. Nb1 Rfe8 16. Nbd2 Qb8 17. h3 Qa8 18. Qa2 a5 19. Qa1 Bf8 20. Rfe1 d5 21. bxa5 Qxa5 22. cxd5 Bxd5 23. Rxc8 Rxc8 24. Rc1 Ra8 25. Nc4 Qa4 26. Nfe5 b5 27. Nxd7 Nxd7 28. Nd2 Qa5 29. Bc3 Qxa3 30. Qxa3 Bxa3 31. Rb1 b4 32. Bxb4 Bxb4 33. Rxb4 Ra2 34. Rd4 Nf8 35. Bf3 Bxf3 36. Nxf3 f6 37. Rb4 e5 38. Rb7 Ra4 39. h4 h5 40. g3 Ne6 41. Re7 Nc5 42. Rc7 Ne4 43. Rc2 Kh7 44. Kg2 Ra3 45. Rb2 Nd6 46. Rd2 Nf5 47. Kg1 Kg6 48. Kg2 Nh6 49. Kg1 Kf5 50. Kg2 Ng4 51. Kg1 g6 52. Kg2 Ra1 53. Nh2 e4 54. Nxg4 Kxg4 55. Rd6 Kf5 56. Rd5+ Ke6 57. Rb5 Rd1 58. Rb4 Ke5 59. Rb5+ Rd5 60. Rb8 Ra5 61. Rd8 Kf5 62. Rh8 Kg4 63. Rh6 g5 64. Rxf6 Re5 65. hxg5 Kxg5 66. Rf4 Re8 67. Kh3 Re7 1-0

[Event "Gibraltar Challenger op-A"]
[Site "Caleta"]
[Date "2017.01.23"]
[Round "1"]
[White "Burke, Mitchell R"]
[Black "Alberto, Manuel"]
[Result "0-1"]
[WhiteElo "1975"]
[BlackElo "2168"]
[PlyCount "78"]
[EventDate "2017.01.23"]
[EventType "swiss"]
[EventRounds "5"]
[EventCountry "GGB"]
[SourceTitle "CBM 176 Extra"]
[Source "ChessBase"]
[SourceDate "2017.03.02"]
[SourceVersion "1"]
[SourceVersionDate "2017.03.02"]
[SourceQuality "1"]

1. e4 e5 2. Nf3 Nc6 3. Bb5 Bc5 4. c3 Qf6 5. 0-0 Nge7 6. b4 Bb6 7. Na3 a6 8. Ba4 0-0 9. d3 d6 10. Nc4 Ba7 11. Ne3 h6 12. Bb3 Bd7 13. a4 Ng6 14. Nd5 Qd8 15. Ne1 Nce7 16. Qh5 Nxd5 17. Bxd5 c6 18. Qxg6 cxd5 19. Qxd6 dxe4 20. dxe4 Re8 21. Nf3 Re6 22. Qd3 Qe8 23. Be3 Bxe3 24. Qxe3 Bxa4 25. Nd2 Rd8 26. Rfe1 Red6 27. Nc4 Rd3 28. Qb6 Bb5 29. Ne3 Bc6 30. f3 Rxc3 31. Rad1 Rxd1 32. Rxd1 Kh7 33. Nd5 Rc2 34. Qe3 Ba4 35. Re1 Qd8 36. Rc1 Qc8 37. Rxc2 Qxc2 38. h3 Bc6 39. Kh2 Qc4 0-1